000 00314nam a2200133Ia 4500
005 20251222152005.0
008 251222s9999||||xx |||||||||||||| ||spa||
082 _a630/M93/V.XXII
100 _aMujica, Fernando
245 0 _aAGROSUR
250 _a1ra.ed.
264 _bUniversidad Austral de Chile
942 _cLIB
999 _c24690
_d24690